A1 Quantitative Techniques: Study Text (Record no. 6640)

MARC details
005 - DATE AND TIME OF LATEST TRANSACTION
control field 20250710095200.0
020 ## - INTERNATIONAL STANDARD BOOK NUMBER
International Standard Book Number 9789976780734
082 ## - DEWEY DECIMAL CLASSIFICATION NUMBER
Classification number 510 NBA
111 ## - MAIN ENTRY--MEETING NAME
Meeting name or jurisdiction name as entry element The National Board of Accountants and Auditors Tanzania
245 ## - TITLE STATEMENT
Title A1 Quantitative Techniques: Study Text
260 ## - PUBLICATION, DISTRIBUTION, ETC.
Place of publication, distribution, etc. Dar es salaam
Name of publisher, distributor, etc. The National Board of Accountants and Auditors
Date of publication, distribution, etc. 2014
300 ## - PHYSICAL DESCRIPTION
Extent 316p.; ill.; tables
Other physical details Index
Dimensions 28 cm
942 ## - ADDED ENTRY ELEMENTS (KOHA)
Source of classification or shelving scheme Dewey Decimal Classification
Koha item type Books
Holdings
Date last seen Total checkouts Full call number Barcode Cost, replacement price Price effective from Koha item type Lost status Source of classification or shelving scheme Damaged status Not for loan Withdrawn status Home library Current library Shelving location Date acquired Source of acquisition Cost, normal purchase price
07/10/2025   510 NBA MZA0001700 150000.00 07/10/2025 Books   Dewey Decimal Classification       CBE Mwanza CBE Mwanza General Collection 07/10/2017 Donation 50000.00